Strategie přežití podniku.

Rezervy vo formovaní postojov manažmentu a zotrvačné tendencie v podnikoch. Schopnosť analýzy situácie a formulácie problému. Príklady úspešných riešení. Bariéry brániace zmene chovania organizácie. Princípy trhovej ekonomiky v podniku. Overený pragmatický postup a metódy (podnikateľský zámer, kompe...

Ausführliche Beschreibung

Gespeichert in:
Bibliographische Detailangaben
1. Verfasser: Rabiška, M.
Format: Buchkapitel
Sprache:Tschechisch
Schlagworte:
Tags: Tag hinzufügen
Keine Tags, Fügen Sie das erste Tag hinzu!

MARC

LEADER 00000naa a2200000 4500
001 r010062
005 20220831090711.1
041 0 |a cze 
044 |a [CS] 
245 1 0 |a Strategie přežití podniku.  |c M. Rabiška 
520 |a Rezervy vo formovaní postojov manažmentu a zotrvačné tendencie v podnikoch. Schopnosť analýzy situácie a formulácie problému. Príklady úspešných riešení. Bariéry brániace zmene chovania organizácie. Princípy trhovej ekonomiky v podniku. Overený pragmatický postup a metódy (podnikateľský zámer, kompetencie, organizačná štruktúra). Úloha poradenskej organizácie. 
610 2 0 |a stratégia podniková 
610 2 0 |a manažment 
610 2 0 |a postoje 
610 2 0 |a analýza ekonomická 
610 2 0 |a správanie 
610 2 0 |a štruktúra podniku organizačná 
610 2 0 |a podnikanie 
610 2 0 |a poradenstvo 
610 2 0 |a hospodárstvo trhové 
100 1 |a Rabiška, M.